Matemática 4to. : (Registro nro. 10084)

Detalles MARC
000 -LIDER
fixed length control field 01237nam a22003257a 4500
003 - IDENTIFICACDOR DE NÚMERO DE CONTROL
control field DO-SdBNP
005 - DATE AND TIME OF LATEST TRANSACTION
control field 20160707110720.0
008 - ELEMENTOS DE LONGITUD FIJA
fixed length control field 160511b 2000 dr||||| |||| 00| 0 spa d
040 ## - FUENTE DE CATALOGACIÓN
Agencia que crea de manera original el registro BPMSU
Idioma de catalogación spa
Agencia que realiza la transcripción BPMSU
092 ## - LOCALLY ASSIGNED DEWEY DECIMAL CALL NUMBER
Número de clasificación 373.7
Número de ítem (Cutter) T172m 4to. 2000
100 1# - ASIENTO PRINCIPAL -- NOMBRE PERSONAL
Nombre personal Tapia de Destro, Leandra
245 ## - MENCIÓN DE TITULO
Título Matemática 4to. :
Subtítulo segundo ciclo, nivel medio /
Mención de responsabilidad Leandra Tapia de Destro ... [et al.]
260 ## - PUBLICACIÓN, DISTRIBUCIÓN, ETC. (PIE DE IMPRENTA)
Lugar de publicación, distribución, etc Santo Domingo :
Nombre del editor, distribuidor, etc. Secretaría de Educación
Fecha de publicación, distribución, etc 2000
300 ## - DESCRIPCIÓN FÍSICA
Extensión 230 p. :
Otros detalles físicos il. : 28. 5 cm
505 ## - NOTA DE CONTENIDO
Texto normalizado de contenido I Semestre
Título Unidad I : Conservando la forma
505 ## - NOTA DE CONTENIDO
Texto normalizado de contenido II Semestre
Título Unidad I : Perfeccionando el conteo
505 ## - NOTA DE CONTENIDO
Texto normalizado de contenido II Semestre
Título Unidad II : Sucesiones y series
505 ## - NOTA DE CONTENIDO
Título Unidad III : Modelando fenómenos aleatorios
505 ## - NOTA DE CONTENIDO
Título Unidad IV : Modelando el movimiento
650 #4 - ENCABEZAMIENTO DE MATERIA--TEMÁTICO
Término temático o nombre geográfico como elemento de entrada MATEMÁTICAS
Subdivisión temática general EDUCACIÓN SECUNDARIA
650 #4 - ENCABEZAMIENTO DE MATERIA--TEMÁTICO
Término temático o nombre geográfico como elemento de entrada MATEMÁTICAS
Subdivisión temática general ESTUDIOS Y EJERCICIOS
650 #4 - ENCABEZAMIENTO DE MATERIA--TEMÁTICO
Término temático o nombre geográfico como elemento de entrada MATEMÁTICAS
Subdivisión temática general LIBROS DE TEXTOS
650 #4 - ENCABEZAMIENTO DE MATERIA--TEMÁTICO
Término temático o nombre geográfico como elemento de entrada MATEMÁTICAS
Subdivisión temática general ENSEÑANZA SECUNDARIA
650 #4 - ENCABEZAMIENTO DE MATERIA--TEMÁTICO
Término temático o nombre geográfico como elemento de entrada EDUCACIÓN SECUNDARIA
Subdivisión geográfica REPÚBLICA DOMINICANA
700 12 - ASIENTO SECUNDARIO -- NOMBRE PERSONAL
Nombre personal Tapia de Destro, Leandra
700 12 - ASIENTO SECUNDARIO -- NOMBRE PERSONAL
Nombre personal Ureña, Omar
Mención de responsabilidad il.
910 ## - VALIDACIÓN
Validación Validado. Control de calidad MFF
942 ## - ADDED ENTRY ELEMENTS (KOHA)
Source of classification or shelving scheme Dewey Decimal Classification
Koha item type Libros
956 ## - LOCAL ELECTRONIC LOCATION AND ACCESS (OCLC)
Nombre de host daysi garcia
Existencias
Withdrawn status Lost status Source of classification or shelving scheme Damaged status Not for loan Collection code Home library Current library Date acquired Source of acquisition Total Checkouts Full call number Barcode Date last seen Price effective from Koha item type
    Dewey Decimal Classification       Biblioteca Pública Metropolitana Salomé Ureña Biblioteca Pública Metropolitana Salomé Ureña 05/11/2016 Donación   373.7 T172m 4to. 2000 BPMSU16050239 05/11/2016 05/11/2016 Libros